[Event "Henry's Altomate Chess "]
[Site "SchemingMind.com"]
[Date "2009.12.02"]
[Round "-"]
[White "Carl Lenox"]
[Black "mochiron"]
[Result "0-1"]
[WhiteCountry "CAN"]
[BlackCountry "JPN"]
[WhiteElo "1406"]
[WhiteRD "67"]
[BlackElo "1448"]
[BlackRD "79"]
[GameID "228727"]

1. e4 c5 2. Nf3 Nc6 3. d4 cxd4 4. Nxd4 e5 5. Nb5 d6 6. N1c3 Be6 7. b3 Nf6 8. g3 a6 9. Na3 Bg4 10. f3 Be6
11. Be3 Nd4 12. Qd2 Nxf3+
0-1

[Event "Henry's Altomate Chess "]
[Site "SchemingMind.com"]
[Date "2009.11.30"]
[Round "-"]
[White "The Capitalist"]
[Black "lemmie"]
[Result "1/2-1/2"]
[WhiteCountry "USA"]
[BlackCountry "NED"]
[WhiteElo "1560"]
[WhiteRD "84"]
[BlackElo "1633"]
[BlackRD "49"]
[GameID "228728"]

1. e4 e5 2. Nf3 Nc6 3. Bb5 a6 4. Ba4 b5 5. Bb3 Bb7 6. O-O Bc5 7. c3 h6 8. d4 exd4 9. cxd4 Ba7 10. Be3 d6
11. a3 Nf6 12. Nc3 Na5 13. Bc2 Nc4 14. Rb1 Nxe3 15. fxe3 O-O 16. Re1 Re8 17. d5 c6 18. dxc6 Bxc6 19. e5 dxe5 20. Qxd8 Raxd8
21. Rbd1 e4 22. Nd4 Bxd4 23. Rxd4 Rxd4 24. exd4 e3 25. h3 Nh5 26. g4 Nf6 27. b4 Nh7 28. d5 Bb7 29. h4 Nf6 30. g5 hxg5
31. hxg5 Nxd5 32. Nxd5 Bxd5 33. Kf1 Bc4+ 34. Kg2 Re5 35. Kf3 e2 36. Kf4 f6 37. gxf6 gxf6 38. Rg1+ Kf8 39. Be4 Kf7 40. Rh1 Ke6
41. Re1 f5 42. Bf3 Kf6 43. Bb7 Re6 44. Bc8 Re4+ 45. Kf3 Ke5 46. Bxa6 Rf4+ 47. Ke3 Rf1 48. Rxe2 f4+ 49. Kd2+ Bxe2 50. Kxe2 Ra1
51. Bxb5 Rxa3 52. Bc6 Rb3 53. b5 Kf5 54. Kf2 Kg4 55. Bd7+ Kh4 56. Bc6 Kg4 57. Bd7+ Kg5 58. Bc6 Kf5 59. Bd7+= Ke5 60. Be8 f3
61. Kg3 Ke4 62. Bc6+ Ke3 63. Bxf3 Rxb5 64. Bc6 Rg5+ 65. Kh4 Kf4 66. Kh3 Rg6 67. Bd5 Rg5 68. Bc6 Rg3+ 69. Kh2 Kg4 70. Bg2 Rxg2+
71. Kxg2
1/2-1/2

[Event "Henry's Altomate Chess "]
[Site "SchemingMind.com"]
[Date "2009.12.03"]
[Round "-"]
[White "mmccaffe"]
[Black "spoke"]
[Result "0-1"]
[WhiteCountry "USA"]
[BlackCountry "GER"]
[WhiteElo "1615"]
[WhiteRD "59"]
[BlackElo "1776"]
[BlackRD "57"]
[GameID "229213"]

1. e4 e5 2. Nf3 Nc6 3. Bb5 Bb4 4. c3 Ba5 5. O-O Nge7 6. Re1 O-O 7. h3 d6 8. d4 exd4 9. Nxd4 Nxd4 10. Qxd4 a6
11. Ba4 b5 12. Bc2 c5 13. Qe3 Bb7 14. Qg3 Re8 15. Nd2 Nf5 16. Qg4 Qf6 17. Re3 Nxe3 18. fxe3 Re6
0-1

[Event "Henry's Altomate Chess "]
[Site "SchemingMind.com"]
[Date "2009.12.03"]
[Round "-"]
[White "spoke"]
[Black "mmccaffe"]
[Result "1-0"]
[WhiteCountry "GER"]
[BlackCountry "USA"]
[WhiteElo "1776"]
[WhiteRD "57"]
[BlackElo "1615"]
[BlackRD "59"]
[GameID "229216"]

1. e4 c5 2. Nf3 d6 3. d4 cxd4 4. Nxd4 Nf6 5. Nc3 a6 6. f4 e5 7. Nf3 Bg4 8. fxe5 Bxf3 9. Qxf3 dxe5 10. Bd3 Bc5
11. Be3 Bxe3 12. Qxe3 Nc6 13. O-O O-O 14. Rf5 Ne7 15. Rxe5 Nc6 16. Rf5 Nd4 17. Rff1 Ng4 18. Qf4 Qh4 19. h3 g5 20. Qxg4
1-0

[Event "Henry's Altomate Chess "]
[Site "SchemingMind.com"]
[Date "2010.01.06"]
[Round "-"]
[White "APB"]
[Black "Frenchy"]
[Result "0-1"]
[WhiteCountry "ENG"]
[BlackCountry "CAN"]
[WhiteElo "1646"]
[WhiteRD "59"]
[BlackElo "1832"]
[BlackRD "76"]
[GameID "233783"]

1. e4 c5 2. c3 Nf6 3. e5 Nd5 4. d4 cxd4 5. Nf3 Nc6 6. Bc4 Nb6 7. Bb3 d5 8. cxd4 Bg4 9. Be3 e6 10. O-O Be7
11. Nc3 O-O 12. Bc2 f6 13. h3 Bh5 14. a3 Nc4 15. Qd3 Bg6 16. Qe2 Bxc2 17. Qxc2 fxe5 18. dxe5 N4xe5 19. Nxe5 Nxe5 20. Rad1 a6
21. Ne2 Rc8 22. Qb3 Qd7 23. Nf4 Kh8 24. Bd4 Rxf4 25. Bxe5 Rf7 26. Qg3 Bf6 27. Bxf6 Rxf6 28. Rc1 Rff8 29. Rxc8 Rxc8 30. Qh4 e5
31. Qg5 Qe6 32. Rc1 Rxc1+ 33. Qxc1 h6 34. Qc8+ Qxc8
0-1

[Event "Henry's Altomate Chess "]
[Site "SchemingMind.com"]
[Date "2010.01.06"]
[Round "-"]
[White "Frenchy"]
[Black "APB"]
[Result "1-0"]
[WhiteCountry "CAN"]
[BlackCountry "ENG"]
[WhiteElo "1959"]
[WhiteRD "94"]
[BlackElo "1601"]
[BlackRD "58"]
[GameID "233786"]

1. e4 c5 2. Nf3 d6 3. d4 cxd4 4. Nxd4 Nf6 5. Nc3 a6 6. f3 e5 7. Nb3 Be7 8. Be3 Be6 9. Qd2 O-O 10. O-O-O a5
11. Bb5 Ne8 12. Qf2 Nd7 13. Na4 Rc8 14. Nb6 Nxb6 15. Bxb6 Nc7 16. Nxa5 Bxa2 17. h4 Bg5+ 18. hxg5 Qxg5+ 19. Be3 Qf6 20. Bc4 Bxc4
21. Nxc4 d5 22. Nb6 Rcd8 23. Qh4 Rfe8 24. Bg5
1-0

[Event "Henry's Altomate Chess "]
[Site "SchemingMind.com"]
[Date "2010.01.20"]
[Round "-"]
[White "Andoni Zabala"]
[Black "somar96"]
[Result "0-1"]
[WhiteCountry "INT"]
[BlackCountry "POL"]
[WhiteElo "1728"]
[WhiteRD "93"]
[BlackElo "1896"]
[BlackRD "57"]
[GameID "235623"]

1. e4 c5 2. Nf3 e6 3. d4 cxd4 4. Nxd4 a6 5. Nc3 b5 6. Be2 Bb7 7. Bf3 Nc6 8. Nxc6 Bxc6 9. O-O d6 10. Re1 Qc7
11. g3 Be7 12. Bg2 Nf6 13. Qd3 O-O 14. Be3 Rfd8 15. f4 b4 16. Ne2 Bb5 17. Qd2 d5 18. c3 Nxe4 19. Qd4 Bc5
0-1

[Event "Henry's Altomate Chess "]
[Site "SchemingMind.com"]
[Date "2010.01.20"]
[Round "-"]
[White "somar96"]
[Black "Andoni Zabala"]
[Result "1-0"]
[WhiteCountry "POL"]
[BlackCountry "INT"]
[WhiteElo "1896"]
[WhiteRD "57"]
[BlackElo "1728"]
[BlackRD "93"]
[GameID "235629"]

1. e4 e6 2. d4 d5 3. Nc3 Nc6 4. e5 Bb4 5. Qg4 g6 6. Nf3 Nge7 7. h4 h5 8. Qf4 a6 9. a3 Bxc3+ 10. bxc3 Nf5
11. Bd3 a5 12. a4 b6 13. Bb5 Bd7 14. Ba3 Nce7 15. Bd3 c6 16. Bd6 Nxd6 17. exd6 Nf5 18. Bxf5 gxf5 19. Qg3 Qf6 20. Ne5 c5
21. Qg5 Qh6 22. Qe7#
1-0

[Event "Henry's Altomate Chess "]
[Site "SchemingMind.com"]
[Date "2010.02.03"]
[Round "-"]
[White "memet"]
[Black "jesusch"]
[Result "0-1"]
[WhiteCountry "TUR"]
[BlackCountry "ESP"]
[WhiteElo "1495"]
[WhiteRD "75"]
[BlackElo "1882"]
[BlackRD "98"]
[GameID "237665"]

1. e4 c5 2. Nf3 d6 3. d4 cxd4 4. Nxd4 Nf6 5. Nc3 a6 6. Bg5 e6 7. Bd3 Be7 8. O-O O-O 9. h4 Nc6 10. Nf3 h6
11. Be3 Ng4 12. h5 Nxe3 13. fxe3 Qb6 14. Nd4 Nxd4 15. exd4 Qxd4+ 16. Kh1 b5 17. Qf3 Bb7 18. Rad1 Qb4 19. Rb1 Rad8 20. a3 Qc5
21. Rbe1 Bf6 22. Ne2 Bxb2 23. Qg3 Qxh5+ 24. Qh3 Qxh3+ 25. gxh3 Bxa3 26. Rg1 Bc5 27. Rg3 f5 28. Nf4 Bf2 29. Nxe6 Bxe1 30. Rxg7+ Kh8
31. Rxb7 Rde8 32. Nxf8 Rxf8 33. exf5 Bf2 34. Rb6 Bxb6
0-1

[Event "Henry's Altomate Chess "]
[Site "SchemingMind.com"]
[Date "2010.02.03"]
[Round "-"]
[White "jesusch"]
[Black "memet"]
[Result "1-0"]
[WhiteCountry "ESP"]
[BlackCountry "TUR"]
[WhiteElo "1887"]
[WhiteRD "102"]
[BlackElo "1571"]
[BlackRD "69"]
[GameID "237669"]

1. e4 e5 2. Nf3 Nc6 3. Bb5 a6 4. Ba4 b5 5. Bb3 Bc5 6. c3 Nf6 7. d4 exd4 8. cxd4 Bb4+ 9. Bd2 Nxe4 10. Bxb4 Nxb4
11. O-O O-O 12. Qe1 Qe7 13. Nc3 Bb7 14. Nxe4 Bxe4 15. Nd2 Rae8 16. Nxe4 Nd3 17. Qb1 Nf4 18. Ng3 Qg5 19. Qd1 h5 20. Qf3 h4
21. Ne4 Qf5 22. Nc5 a5 23. g4 Qg5 24. Nxd7 Ne2+ 25. Kh1 Nxd4 26. Qg2 Nxb3 27. axb3 Qd2 28. Nxf8 Kxf8 29. Qf3 Qxb2 30. Rxa5 Qe5
31. Ra8 c5 32. Rxe8+ Qxe8 33. Ra1 Qe5 34. Ra8+ Ke7 35. Ra7+ Kd6 36. Ra6+ Kc7 37. Qc6+ Kd8 38. Ra8+ Ke7 39. Re8#
1-0

[Event "Henry's Altomate Chess "]
[Site "SchemingMind.com"]
[Date "2010.02.13"]
[Round "-"]
[White "somar96"]
[Black "The Capitalist"]
[Result "0-1"]
[WhiteCountry "POL"]
[BlackCountry "USA"]
[WhiteElo "1781"]
[WhiteRD "65"]
[BlackElo "1577"]
[BlackRD "90"]
[GameID "238813"]

1. e4 c6 2. d4 d5 3. Nc3 dxe4 4. Nxe4 Bf5 5. Ng3 Bg6 6. h4 h6 7. h5 Bh7 8. Nf3 Nd7 9. Bd3 Bxd3 10. Qxd3 e6
11. Bf4 Qa5+ 12. Bd2 Qc7 13. O-O-O Ngf6 14. Rhe1 O-O-O 15. Kb1 Ng4 16. Re2 Qb6 17. Bc3 Bb4 18. Bxb4 Qxb4 19. a3 Qd6 20. Ne4 Qd5
21. Ng3 Rde8 22. c4 Qd6 23. Ne4 Qc7 24. c5 Ngf6 25. Nd6+ Kb8 26. Nxe8 Rxe8 27. Ne5 Nxe5 28. Rxe5 Ng4 29. Re2 Qh2 30. Qe4 Nf6
31. Qe5+ Qxe5 32. Rxe5 Ng4 33. Re2 Nf6 34. Rh1 Rd8 35. Rh4 Rd5 36. Re5 Rd7 37. Kc2 g5 38. hxg6 fxg6 39. Rxh6 Rxd4 40. Rxg6 Nd7
41. Rexe6 Rc4+ 42. Kb3 Rxc5 43. Re7 Kc7 44. Rgg7 Rd5 45. g4 a5 46. f4 Rb5+ 47. Kc3 Rd5 48. g5 Kd6
0-1

[Event "Henry's Altomate Chess "]
[Site "SchemingMind.com"]
[Date "2010.02.13"]
[Round "-"]
[White "The Capitalist"]
[Black "somar96"]
[Result "0-1"]
[WhiteCountry "USA"]
[BlackCountry "POL"]
[WhiteElo "1512"]
[WhiteRD "85"]
[BlackElo "1863"]
[BlackRD "57"]
[GameID "238818"]

1. e4 c5 2. Nf3 e6 3. d4 cxd4 4. Nxd4 a6 5. Bd3 Ne7 6. O-O Nbc6 7. Nxc6 Nxc6 8. Be3 Be7 9. Nd2 O-O 10. c3 d6
11. Nc4 b5 12. Nb6 Rb8 13. Nxc8 Rxc8 14. Qg4 Ne5 15. Qg3 Nxd3 16. Bh6 Bf6 17. Qxd3 gxh6 18. Qg3+ Kh8 19. Rfe1 Rg8 20. Qh3 Rg6
21. f4 Qe7 22. f5 Rgg8 23. Qxh6 Bg5 24. Qh3 Qf6 25. fxe6 fxe6 26. Rad1 Bf4 27. Qf3 Qe5 28. g3 Bxg3 29. hxg3 Rxg3+ 30. Kf2 Rxf3+
31. Kxf3 Rf8+ 32. Ke3 Rf4 33. Rd4 d5 34. Kd3 dxe4+ 35. Rdxe4 Rxe4 36. Rxe4 Qd5+ 37. Ke3 Qxa2 38. b4 Kg7 39. Kf4 Kf6 40. Kg4 Qg2+
41. Kf4 e5+ 42. Rxe5 Qh2+
0-1

[Event "Henry's Altomate Chess "]
[Site "SchemingMind.com"]
[Date "2010.02.21"]
[Round "-"]
[White "emvarela"]
[Black "MOIMOI"]
[Result "1-0"]
[WhiteCountry "ARG"]
[BlackCountry "POL"]
[WhiteElo "1845"]
[WhiteRD "89"]
[BlackElo "1591"]
[BlackRD "53"]
[GameID "239457"]

1. e4 g6 2. d4 d6 3. Nc3 e6 4. f4 Bh6 5. Nf3 Nd7 6. e5 d5 7. Be3 Ne7 8. Qd2 c6 9. g4 f5 10. g5 Bg7
11. O-O-O Nb6 12. b3 a5 13. a4 Bf8 14. h4 Ng8 15. Nb1 Be7 16. h5 Bb4 17. c3 Bf8 18. hxg6 h6 19. Be2 Qd7 20. gxh6 Nxh6
21. Ng5 Bg7 22. Bh5 Qe7 23. Qg2 Bd7 24. Bf2 O-O-O 25. Nf7 Nxf7 26. gxf7 Qf8 27. Rdg1 Bh6 28. Bg6 Bxf4+ 29. Kb2 Na8 30. Bh4 Nc7
31. Bxd8 Kxd8 32. Rxh8 Qxh8 33. Bxf5 Bc1+ 34. Kxc1 Qh6+ 35. Kb2 Qe3 36. f8=Q+ Be8 37. Qg5+
1-0

[Event "Henry's Altomate Chess "]
[Site "SchemingMind.com"]
[Date "2010.02.20"]
[Round "-"]
[White "MOIMOI"]
[Black "emvarela"]
[Result "0-1"]
[WhiteCountry "POL"]
[BlackCountry "ARG"]
[WhiteElo "1591"]
[WhiteRD "53"]
[BlackElo "1845"]
[BlackRD "89"]
[GameID "239461"]

1. Nf3 d5 2. d4 g6 3. c4 Nf6 4. Nc3 Bg7 5. c5 c6 6. h3 O-O 7. Bf4 b5 8. a3 Nbd7 9. e3 Nh5 10. Be5 Nxe5
11. dxe5 f5 12. Ng5 Bxe5 13. Be2 Bxc3+ 14. bxc3 Ng7 15. Qb3 e5 16. a4 Qxg5 17. g3 Be6 18. h4 Qe7 19. Qb4 bxa4 20. Rxa4 Rfb8
21. Qa3 Rb1+ 22. Bd1 d4 23. O-O dxe3 24. fxe3 Bd5 25. Rb4 Rxb4 26. cxb4 f4 27. exf4 exf4 28. Kh2 fxg3+ 29. Kxg3 Qe5+ 30. Kh3 Nf5
31. Bg4 Ne3 32. Rg1 Nxg4 33. Rxg4 Be6 34. Qf3 Bxg4+ 35. Kxg4 Rf8
0-1

[Event "Henry's Altomate Chess "]
[Site "SchemingMind.com"]
[Date "2010.05.02"]
[Round "-"]
[White "Schaakmaatje"]
[Black "emvarela"]
[Result "1-0"]
[WhiteCountry "NED"]
[BlackCountry "ARG"]
[WhiteElo "1724"]
[WhiteRD "54"]
[BlackElo "1778"]
[BlackRD "75"]
[GameID "246731"]

1. e4 e5 2. f4 exf4 3. Nf3 d6 4. Bc4 Qe7 5. O-O Nc6 6. d4 Nf6 7. Nc3 Bg4 8. Bxf4 O-O-O 9. Qd2 Nxe4 10. Nxe4 Qxe4
11. Rae1 Qg6 12. Ng5 d5 13. Bd3 f5 14. c3 Bd6 15. Re6 Bxf4 16. Qxf4 Qh5 17. Bxf5 Bxf5 18. Qxf5 Rhf8 19. Rf6+
1-0

[Event "Henry's Altomate Chess "]
[Site "SchemingMind.com"]
[Date "2010.05.02"]
[Round "-"]
[White "emvarela"]
[Black "Schaakmaatje"]
[Result "1-0"]
[WhiteCountry "ARG"]
[BlackCountry "NED"]
[WhiteElo "1778"]
[WhiteRD "75"]
[BlackElo "1724"]
[BlackRD "54"]
[GameID "246734"]

1. e4 d6 2. d4 Nf6 3. Nc3 g6 4. Bc4 Bg7 5. Nf3 O-O 6. O-O c6 7. Be3 b5 8. Bb3 a5 9. a4 b4 10. e5 dxe5
11. dxe5 Ng4 12. Qxd8 Rxd8 13. Nd1 Nxe5 14. Nxe5 Bxe5 15. c3 Na6 16. Bb6 Rd6 17. Bxa5 Nc5 18. Bxf7+ Kxf7 19. Bxb4 Rd5 20. Ne3 Bxh2+
21. Kxh2 Rh5+ 22. Kg1 Nxa4 23. Nc4 Ra6 24. Rfe1 e6 25. Nd6+
1-0

[Event "Henry's Altomate Chess "]
[Site "SchemingMind.com"]
[Date "2010.05.07"]
[Round "-"]
[White "jesusch"]
[Black "mochiron"]
[Result "1-0"]
[WhiteCountry "ESP"]
[BlackCountry "JPN"]
[WhiteElo "1919"]
[WhiteRD "92"]
[BlackElo "1486"]
[BlackRD "93"]
[GameID "247839"]

1. e4 c6 2. d4 d5 3. Nc3 dxe4 4. Nxe4 Bf5 5. Ng3 e6 6. Nxf5 exf5 7. Nf3 f6 8. Bd3 Bd6 9. O-O Ne7 10. c3 Nd7
11. Re1 f4 12. Qe2 O-O 13. Qe6+ Rf7 14. Qxd6 Nd5 15. c4 N5b6 16. Bxf4 Nf8 17. Qc5 g5 18. Bg3 Nfd7 19. Qf5 Qf8 20. b3 Re8
21. Rxe8 Qxe8 22. h4 h6 23. Qg6+ Kf8 24. Qxh6+ Rg7 25. Qh8+ Rg8 26. Bd6+ Kf7 27. Qh5+ Kg7 28. Qh7#
1-0

[Event "Henry's Altomate Chess "]
[Site "SchemingMind.com"]
[Date "2010.05.08"]
[Round "-"]
[White "mochiron"]
[Black "jesusch"]
[Result "0-1"]
[WhiteCountry "JPN"]
[BlackCountry "ESP"]
[WhiteElo "1517"]
[WhiteRD "92"]
[BlackElo "1930"]
[BlackRD "97"]
[GameID "247841"]

1. f4 Nf6 2. Nf3 g6 3. e3 Bg7 4. Be2 O-O 5. h4 d5 6. Ne5 Ne4 7. h5 Ng3 8. Rh2 Bxe5 9. fxe5 Nc6 10. d4 g5
11. Bg4 f6 12. Bxc8 Qxc8 13. Nc3 fxe5 14. dxe5 Rf1+ 15. Kd2 Rxd1+ 16. Kxd1 Qg4+
0-1

[Event "Henry's Altomate Chess "]
[Site "SchemingMind.com"]
[Date "2010.07.13"]
[Round "-"]
[White "Schaakmaatje"]
[Black "The Capitalist"]
[Result "0-1"]
[WhiteCountry "NED"]
[BlackCountry "USA"]
[WhiteElo "1741"]
[WhiteRD "60"]
[BlackElo "1548"]
[BlackRD "86"]
[GameID "254328"]

1. e4 c6 2. d4 d5 3. Nc3 dxe4 4. Nxe4 Bf5 5. Ng3 Bg6 6. h4 h6 7. Nf3 Nd7 8. h5 Bh7 9. Bd3 Bxd3 10. Qxd3 e6
11. Bd2 Ngf6 12. O-O-O Be7 13. Bf4 O-O 14. c4 b5 15. cxb5 Nd5 16. Bd2 cxb5 17. Ne4 Rc8+ 18. Kb1 Qb6 19. Rc1 N7f6 20. Ne5 Nxe4
21. Qxe4 Rfd8 22. Rxc8 Rxc8 23. Rc1 Rxc1+ 24. Kxc1 Bd6 25. Nd3 Qc6+ 26. Nc5 Bxc5 27. dxc5 Qxc5+ 28. Kd1 Qxf2
0-1

[Event "Henry's Altomate Chess "]
[Site "SchemingMind.com"]
[Date "2010.07.13"]
[Round "-"]
[White "The Capitalist"]
[Black "Schaakmaatje"]
[Result "1-0"]
[WhiteCountry "USA"]
[BlackCountry "NED"]
[WhiteElo "1548"]
[WhiteRD "86"]
[BlackElo "1741"]
[BlackRD "60"]
[GameID "254337"]

1. e4 d6 2. d4 Nf6 3. Nc3 g6 4. Nf3 Bg7 5. Be2 O-O 6. O-O c6 7. a4 Nbd7 8. h3 e5 9. dxe5 Nxe5 10. Nxe5 dxe5
11. Bc4 Qb6 12. a5 Qc7 13. Qf3 h6 14. Bxh6 Nh5 15. Be3 Qe7 16. Rfd1 Be6 17. Bxe6 Qxe6 18. Bc5 Rfd8 19. Rxd8+ Rxd8 20. Bxa7 Nf4
21. Bb6 Rd2 22. Rc1 Qc4 23. Be3 Ne2+ 24. Nxe2 Rxe2 25. b3 Rxe3 26. Qxe3 Kh7 27. bxc4
1-0

[Event "Henry's Altomate Chess "]
[Site "SchemingMind.com"]
[Date "2010.08.05"]
[Round "-"]
[White "spoke"]
[Black "jesusch"]
[Result "0-1"]
[WhiteCountry "GER"]
[BlackCountry "ESP"]
[WhiteElo "1733"]
[WhiteRD "70"]
[BlackElo "2012"]
[BlackRD "76"]
[GameID "256566"]

1. d4 Nf6 2. c4 e6 3. Nc3 Bb4 4. Qc2 d5 5. a3 Bxc3+ 6. Qxc3 O-O 7. Bg5 h6 8. Bh4 g5 9. Bg3 Ne4 10. Qd3 c5
11. Nf3 f5 12. e3 Qa5+ 13. Nd2 dxc4 14. Qc2 b5 15. f3 Nxg3 16. hxg3 cxd4 17. exd4 Nc6 18. Qc3 Qxc3 19. bxc3 Ne7 20. a4 b4
21. Bxc4 bxc3 22. Nb3 Rb8 23. Nc5 Rb4 24. Bxe6+ Bxe6 25. Nxe6 Rc8 26. O-O Nd5 27. f4 Re8 28. Rfe1 Kf7 29. Nc5 Rxe1+ 30. Rxe1 c2
0-1

[Event "Henry's Altomate Chess "]
[Site "SchemingMind.com"]
[Date "2010.08.05"]
[Round "-"]
[White "jesusch"]
[Black "spoke"]
[Result "1-0"]
[WhiteCountry "ESP"]
[BlackCountry "GER"]
[WhiteElo "2012"]
[WhiteRD "76"]
[BlackElo "1733"]
[BlackRD "70"]
[GameID "256574"]

1. e4 e5 2. Nf3 Nc6 3. Bb5 Bb4 4. O-O Nge7 5. c3 Ba5 6. Qa4 Bb6 7. d4 Ng6 8. Bg5 f6 9. Be3 O-O 10. Nbd2 exd4
11. cxd4 Kh8 12. Rac1 Nce7 13. h4 Ng8 14. Qb3 c6 15. Bc4 N6e7 16. d5 Bxe3 17. Qxe3 cxd5 18. exd5 d6 19. Rfe1 Bg4 20. Qb3 b6
21. Nd4 Ng6 22. Bb5 Bd7 23. Bc6 Rc8 24. Qa3 Bxc6 25. Nxc6 Qd7 26. Nc4 N8e7 27. Qxd6
1-0

[Event "Henry's Altomate Chess "]
[Site "SchemingMind.com"]
[Date "2010.10.25"]
[Round "-"]
[White "The Capitalist"]
[Black "jesusch"]
[Result "0-1"]
[WhiteCountry "USA"]
[BlackCountry "ESP"]
[WhiteElo "1432"]
[WhiteRD "71"]
[BlackElo "1973"]
[BlackRD "83"]
[GameID "264562"]

1. e4 c5 2. Nf3 d6 3. d4 cxd4 4. Nxd4 Nf6 5. Nc3 a6 6. Be3 e6 7. f3 Nc6 8. Qd2 Be7 9. O-O-O O-O 10. g4 Nxd4
11. Bxd4 b5 12. Kb1 Bb7 13. h4 b4 14. Na4 Bc6 15. Nb6 Rb8 16. Nc4 d5 17. Ne5 Bb7 18. g5 Nd7 19. Rg1 dxe4 20. fxe4 Nxe5
21. Bxe5 Rc8 22. Qxd8 Rfxd8 23. Rxd8+ Rxd8 24. Bg2 Bc6 25. Kc1 Bc5 26. Rd1 Be3+
0-1

[Event "Henry's Altomate Chess "]
[Site "SchemingMind.com"]
[Date "2010.10.25"]
[Round "-"]
[White "jesusch"]
[Black "The Capitalist"]
[Result "1-0"]
[WhiteCountry "ESP"]
[BlackCountry "USA"]
[WhiteElo "1973"]
[WhiteRD "83"]
[BlackElo "1432"]
[BlackRD "71"]
[GameID "264567"]

1. e4 c5 2. Nf3 d6 3. d4 cxd4 4. Nxd4 Nf6 5. Nc3 a6 6. Be2 e5 7. Nb3 Be7 8. O-O O-O 9. a4 Nc6 10. Be3 Be6
11. f4 exf4 12. Rxf4 Ne5 13. Nd4 Rc8 14. a5 d5 15. Nxe6 fxe6 16. exd5 Nxd5 17. Nxd5 Qxd5 18. c3 Qxd1+ 19. Rxd1 Rcd8 20. Re4 Rxd1+
21. Bxd1 Bd6 22. Bd4 Rf5 23. g4 Rg5 24. h4 Rg6 25. Bxe5 Bc5+ 26. Kg2 h5 27. g5 b5 28. Bxh5 Kh7 29. Bxg6+ Kxg6 30. Bd6 Bxd6
31. Rxe6+ Kh5 32. Rxd6 Kxh4 33. Rxa6 Kxg5 34. Rb6
1-0